000 01147nab a22002177a 4500
999 _c5768
_d5768
003 OSt
005 20260105212440.0
008 190514b xxu||||| |||| 00| 0 spa d
040 _cPJ
100 _96683
_aSilva, Sabrina Anabel
245 1 3 _aEl ejercicio de la responsabilidad parental online :
_badolescentes influencers en el Código Civil y Comercial /
_cSabrina Anabel Silva.
300 _ap. 18-26
505 _aSumario: I. Palabras introductorias.— II. Primero lo primero: autonomía progresiva y protección especial.— III. Los contratos por servicios del hijx y la capacidad laboral de lxs adolescentes en el Cód. Civ. y Com.— IV. Las actividades lucrativas de lxs NA en línea. Retos del sistema vigente.— V. Reflexiones finales.
505 _tSi te interesa el texto, comunicate a koha@justierradelfuego.gov.ar
650 0 _9967
_aDERECHO DE FAMILIA
650 0 _91497
_aCODIGO CIVIL Y COMERCIAL
650 0 _94691
_aAUTONOMÍA PROGRESIVA
650 0 _aTECNOLOGIA DE LA INFORMACION
_9289
773 0 _02844
_93222
_dBuenos Aires : AbeledoPerrot, 1989-
_tDerecho de familia. N° 113 - Marzo 2024
_z18511201
942 _2udc
_cANA